[Event "Benidorm 2005 - sub2300"]
[Site "Benidorm ESP"]
[Date "2005.11.16"]
[Round "6.1"]
[White "Sanchez Aller, Fernando"]
[Black "Peña, Alfredo"]
[Result "1/2-1/2"]
[WhiteElo "2274"]
[BlackElo "2291"]
[PlyCount "137"]
[EventDate "2005.11.11"]
[EventType "swiss"]
[EventRounds "9"]
[EventCountry "ESP"]
[Source "lmi"]
[SourceDate "2005.11.11"]

1. d4 Nf6 2. c4 g6 3. Nc3 Bg7 4. e4 O-O 5. Nf3 d6 6. Be2 e5 7. O-O Nc6 8. d5
Ne7 9. Ne1 Nd7 10. Be3 f5 11. f3 f4 12. Bf2 h5 13. a4 a5 14. Nd3 b6 15. b4 axb4
16. Nxb4 g5 17. Nc6 Nxc6 18. dxc6 Nf6 19. Nd5 Rf7 20. Qb3 Qe8 21. Ra2 g4 22.
Kh1 Be6 23. Rfa1 Qxc6 24. a5 bxa5 25. Rxa5 Rxa5 26. Rxa5 Bxd5 27. exd5 Qd7 28.
Bh4 e4 29. fxe4 Nxe4 30. Qc2 Nc5 31. Qg6 Qe8 32. Bd3 Nxd3 33. Qxd3 f3 34. Ra2
Rf4 35. Bf2 Rf8 36. Kg1 Qe5 37. gxf3 gxf3 38. Qe3 Qf6 39. Qe6+ Qxe6 40. dxe6
Re8 41. Ra3 Rxe6 42. Rxf3 Be5 43. Rf5 Rg6+ 44. Kf1 Rf6 45. Rxf6 Bxf6 46. Ke2
Kf7 47. Kf3 Be5 48. h3 Kf6 49. Ke4 Ke6 50. Be3 c6 51. Bf2 d5+ 52. cxd5+ cxd5+
53. Kf3 Kf5 54. Be3 Bf6 55. Bf2 Bg5 56. Bd4 Ke6 57. Kg3 Kd6 58. Kf3 Kc6 59. Bf2
Kb5 60. Bd4 Kc4 61. Bf2 Kd3 62. Bg3 Kd2 63. Be5 Ke1 64. Bd4 Kf1 65. Bc5 Bf6 66.
Bb6 d4 67. Bxd4 Bxd4 68. Kg3 Bf6 69. Kf3 1/2-1/2

[Event "Benidorm 2005 - sub2300"]
[Site "Benidorm ESP"]
[Date "2005.11.16"]
[Round "6.2"]
[White "Madina, Martin"]
[Black "Valmaña Canto, Jaime"]
[Result "1-0"]
[WhiteElo "2262"]
[BlackElo "2257"]
[PlyCount "89"]
[EventDate "2005.11.11"]
[EventType "swiss"]
[EventRounds "9"]
[EventCountry "ESP"]
[Source "lmi"]
[SourceDate "2005.11.11"]

1. d4 Nf6 2. Bg5 Ne4 3. Bf4 e6 4. f3 Bd6 5. Bxd6 Nxd6 6. e4 f5 7. e5 Nf7 8. f4
b6 9. Be2 Bb7 10. Bf3 Bxf3 11. Qxf3 c6 12. Nd2 Na6 13. Ne2 g5 14. a3 Nc7 15.
O-O Rg8 16. c4 d5 17. exd6 Qxd6 18. fxg5 O-O-O 19. Ne4 Qe7 20. N4c3 Kb7 21. b4
Nxg5 22. Qe3 Qg7 23. Rf2 Ne8 24. h4 Nf7 25. b5 Nh6 26. bxc6+ Kxc6 27. Qxe6+ Kb7
28. Nd5 Nd6 29. Ne7 Rge8 30. Qd5+ Kc7 31. Nc6 Ne4 32. Nxd8 Rxd8 33. Qe6 Nxf2
34. Kxf2 Rxd4 35. c5 Rd2 36. cxb6+ Kb7 37. Rb1 a6 38. Rc1 Qd4+ 39. Ke1 Rxe2+
40. Qxe2 Qxh4+ 41. Qf2 Qe4+ 42. Kf1 Ng4 43. Qg3 f4 44. Qxg4 Qd3+ 45. Qe2 1-0

[Event "Benidorm 2005 - sub2300"]
[Site "Benidorm ESP"]
[Date "2005.11.16"]
[Round "6.3"]
[White "Fenollar Jorda, Manuel"]
[Black "Herrera Mellado, Luis"]
[Result "1-0"]
[WhiteElo "2258"]
[BlackElo "2113"]
[PlyCount "95"]
[EventDate "2005.11.11"]
[EventType "swiss"]
[EventRounds "9"]
[EventCountry "ESP"]
[Source "lmi"]
[SourceDate "2005.11.11"]

1. e4 d6 2. d4 Nf6 3. Nc3 g6 4. Be3 c6 5. f3 Bg7 6. Qd2 b5 7. Bh6 Bxh6 8. Qxh6
b4 9. Nd1 Nbd7 10. Qd2 a5 11. Ne3 Ba6 12. Bxa6 Rxa6 13. Ne2 O-O 14. a3 Rb6 15.
Nc4 Rb5 16. a4 Rb7 17. e5 d5 18. Nxa5 Qxa5 19. exf6 Nxf6 20. O-O c5 21. Rf2 c4
22. h4 Rc8 23. Qh6 Qd8 24. Nf4 Qf8 25. Qg5 h6 26. Qe5 Qd8 27. g4 e6 28. Re2 Nd7
29. Nxe6 Nxe5 30. Nxd8 Nxf3+ 31. Kf2 Rxd8 32. Kxf3 b3 33. c3 Ra8 34. Re5 Ra5
35. Re8+ Kg7 36. g5 hxg5 37. hxg5 f6 38. gxf6+ Kxf6 39. Kf4 Rh7 40. Rf1 Kf7 41.
Rc8 Rh5 42. Kg4+ Ke7 43. Rc7+ Ke6 44. Rc6+ Ke7 45. Rxg6 Rh2 46. Rg7+ Ke6 47.
Kg3 Rxb2 48. Rgf7 1-0

[Event "Benidorm 2005 - sub2300"]
[Site "Benidorm ESP"]
[Date "2005.11.16"]
[Round "6.4"]
[White "Cappon, John"]
[Black "Tscharotschkin, Michael"]
[Result "1/2-1/2"]
[WhiteElo "2197"]
[BlackElo "2216"]
[PlyCount "35"]
[EventDate "2005.11.11"]
[EventType "swiss"]
[EventRounds "9"]
[EventCountry "ESP"]
[Source "lmi"]
[SourceDate "2005.11.11"]

1. e4 e6 2. d4 d5 3. Nc3 Bb4 4. Nge2 dxe4 5. a3 Bxc3+ 6. Nxc3 Nc6 7. Bb5 Nge7
8. Bg5 f6 9. Be3 O-O 10. Qd2 e5 11. Bc4+ Kh8 12. d5 Nd4 13. Bxd4 exd4 14. Nxe4
b5 15. Bb3 f5 16. Nc5 Qd6 17. Qxd4 Nc6 18. Qc3 1/2-1/2

[Event "Benidorm 2005 - sub2300"]
[Site "Benidorm ESP"]
[Date "2005.11.16"]
[Round "6.5"]
[White "Monmeneu Chulia, Victor"]
[Black "Pallardo Lozoya, Jose Vicente"]
[Result "0-1"]
[WhiteElo "2197"]
[BlackElo "2298"]
[PlyCount "84"]
[EventDate "2005.11.11"]
[EventType "swiss"]
[EventRounds "9"]
[EventCountry "ESP"]
[Source "lmi"]
[SourceDate "2005.11.11"]

1. e4 c5 2. Nc3 Nc6 3. g3 g6 4. Bg2 Bg7 5. d3 e6 6. Be3 d6 7. Qd2 Rb8 8. Nge2
Nd4 9. O-O b5 10. Nc1 Ne7 11. Nd1 b4 12. c3 bxc3 13. bxc3 Ndc6 14. Bh6 O-O 15.
Bxg7 Kxg7 16. Ne3 Ba6 17. f4 f5 18. Rf2 Qa5 19. g4 fxg4 20. Nxg4 d5 21. Ne2 h5
22. exd5 exd5 23. Ne3 d4 24. Nd5 Rbd8 25. Nxe7 Nxe7 26. Qb2 dxc3 27. Nxc3 Kh6
28. Qc1 Nf5 29. Ne4 Rd5 30. Ng3 Rxd3 31. Be4 Rd6 32. Bxf5 gxf5 33. Qc2 Bd3 34.
Qd1 h4 35. Qh5+ Kg7 36. Qxh4 Qd8 37. Qh5 Rg6 38. Re1 Rh8 39. Qf3 Be4 40. Rxe4
fxe4 41. Qc3+ Qd4 42. Qa5 Rxh2 0-1

[Event "Benidorm 2005 - sub2300"]
[Site "Benidorm ESP"]
[Date "2005.11.16"]
[Round "6.6"]
[White "Pribeanu, Dacian"]
[Black "Van Hoolandt, Patrick"]
[Result "1-0"]
[WhiteElo "2268"]
[BlackElo "2185"]
[PlyCount "98"]
[EventDate "2005.11.11"]
[EventType "swiss"]
[EventRounds "9"]
[EventCountry "ESP"]
[Source "lmi"]
[SourceDate "2005.11.11"]

1. e4 e5 2. Nf3 Nc6 3. Bb5 Nf6 4. d3 d6 5. O-O g6 6. d4 Bd7 7. d5 Nb8 8. Bd3
Bg7 9. c4 Na6 10. Nc3 Nc5 11. Bc2 a5 12. a3 Bg4 13. h3 Bxf3 14. Qxf3 Nfd7 15.
b3 O-O 16. Bd2 Nb6 17. Qe2 f5 18. b4 axb4 19. axb4 Rxa1 20. Rxa1 Na6 21. Rb1
Qe7 22. f3 Kh8 23. Be3 Nd7 24. Ba4 Nf6 25. Bg5 h6 26. Bh4 Rg8 27. exf5 gxf5 28.
Bc2 e4 29. fxe4 Qe5 30. Rb3 Re8 31. Bf2 fxe4 32. Nb5 e3 33. Rxe3 Qa1+ 34. Kh2
Rxe3 35. Qxe3 Qb2 36. Bg6 Qe5+ 37. Qxe5 dxe5 38. Be1 c6 39. dxc6 bxc6 40. Na7
Nb8 41. Bc3 Nfd7 42. Be4 Nb6 43. c5 Nd5 44. Bxd5 cxd5 45. c6 Nxc6 46. Nxc6 d4
47. Be1 e4 48. Nxd4 Bxd4 49. Kg3 e3 1-0

[Event "Benidorm 2005 - sub2300"]
[Site "Benidorm ESP"]
[Date "2005.11.16"]
[Round "6.7"]
[White "Cruz Alvarez de Ron, Dan"]
[Black "Arjun, Vishnuvardhan"]
[Result "0-1"]
[WhiteElo "2244"]
[BlackElo "2190"]
[PlyCount "60"]
[EventDate "2005.11.11"]
[EventType "swiss"]
[EventRounds "9"]
[EventCountry "ESP"]
[Source "lmi"]
[SourceDate "2005.11.11"]

1. g3 Nf6 2. Bg2 g6 3. e4 d6 4. d4 Bg7 5. Ne2 c5 6. dxc5 Qa5+ 7. Nbc3 Qxc5 8.
O-O O-O 9. Nf4 Bg4 10. Qd3 Nc6 11. Be3 Qa5 12. f3 Ne5 13. Qe2 Bd7 14. Rfd1 Rfc8
15. Nfd5 Nxd5 16. Nxd5 Kf8 17. Qf2 e6 18. Bd2 Qb5 19. Ne3 Qxb2 20. Rab1 Qxa2
21. Rxb7 Rab8 22. Rdb1 Rxb7 23. Rxb7 Bc6 24. Rb4 a5 25. Rb6 Nd7 26. Ra6 a4 27.
Bb4 Qb1+ 28. Qe1 Qxe1+ 29. Bxe1 Nc5 30. Ra7 Bd4 0-1

[Event "Benidorm 2005 - sub2300"]
[Site "Benidorm ESP"]
[Date "2005.11.16"]
[Round "6.8"]
[White "Lacrosse, Marc"]
[Black "Diogo, Vasco"]
[Result "1-0"]
[WhiteElo "2233"]
[BlackElo "2155"]
[PlyCount "69"]
[EventDate "2005.11.11"]
[EventType "swiss"]
[EventRounds "9"]
[EventCountry "ESP"]
[Source "lmi"]
[SourceDate "2005.11.11"]

1. d4 Nf6 2. c4 g6 3. Nc3 Bg7 4. e4 d6 5. Nf3 O-O 6. Be2 e5 7. Be3 Ng4 8. Bg5
f6 9. Bc1 Nc6 10. d5 Ne7 11. h3 Nh6 12. h4 Nf7 13. h5 g5 14. Be3 h6 15. Nd2 f5
16. f3 f4 17. Bf2 c5 18. Rb1 Kh8 19. b4 b6 20. bxc5 bxc5 21. Qa4 Bd7 22. Qa6
Bc8 23. Qa3 Ng8 24. Nb3 Nf6 25. Qa5 Qd7 26. Nb5 Rb8 27. Kd2 Rb6 28. Rb2 Ra6 29.
Qc7 Rd8 30. Rhb1 Bf8 31. Qxd7 Bxd7 32. Nc3 Nxh5 33. a4 Rb8 34. Na5 Rxb2+ 35.
Rxb2 1-0

[Event "Benidorm 2005 - sub2300"]
[Site "Benidorm ESP"]
[Date "2005.11.16"]
[Round "6.9"]
[White "Goormachtigh, Johan"]
[Black "Uribe Arteaga, Daniel"]
[Result "0-1"]
[WhiteElo "2231"]
[BlackElo "2145"]
[PlyCount "80"]
[EventDate "2005.11.11"]
[EventType "swiss"]
[EventRounds "9"]
[EventCountry "ESP"]
[Source "lmi"]
[SourceDate "2005.11.11"]

1. d4 e6 2. c4 Nf6 3. Nf3 b6 4. e3 Bb7 5. Bd3 d5 6. cxd5 exd5 7. O-O Bd6 8. Nc3
O-O 9. Nb5 Be7 10. Qc2 c6 11. Nc3 Nbd7 12. b3 Rc8 13. Bb2 c5 14. dxc5 bxc5 15.
e4 d4 16. Ne2 Bd6 17. Ng3 Re8 18. Rae1 Ng4 19. Nf5 Bb8 20. Qd2 Qf6 21. Qg5
Bxh2+ 22. Kh1 Qxg5 23. Nxg5 Bb8 24. Bb5 Bc6 25. Bxc6 Rxc6 26. f3 Nge5 27. Rd1
g6 28. Nh4 f6 29. Nh3 Nf7 30. g4 Ra6 31. a3 Rb6 32. b4 a5 33. Rc1 axb4 34. axb4
Rxb4 35. Ba3 Rb5 36. Ng2 Bd6 37. Ngf4 Ra8 38. Ra1 Rb3 39. Bb2 Rxa1 40. Bxa1
Nfe5 0-1

[Event "Benidorm 2005 - sub2300"]
[Site "Benidorm ESP"]
[Date "2005.11.16"]
[Round "6.10"]
[White "Leburgue, Sylvain"]
[Black "Acebal Muñiz, Antonio"]
[Result "1-0"]
[WhiteElo "2183"]
[BlackElo "2217"]
[PlyCount "49"]
[EventDate "2005.11.11"]
[EventType "swiss"]
[EventRounds "9"]
[EventCountry "ESP"]
[Source "lmi"]
[SourceDate "2005.11.11"]

1. e4 e5 2. Nf3 Nc6 3. d4 exd4 4. Nxd4 Qf6 5. Nb5 Bc5 6. Qd2 Bb6 7. N1c3 Nge7
8. Bd3 O-O 9. O-O Ne5 10. Qf4 Qxf4 11. Bxf4 N7g6 12. Bxe5 Nxe5 13. Nd5 c6 14.
Ne7+ Kh8 15. Nd6 Bc5 16. Nexc8 f5 17. Rad1 Raxc8 18. Nxc8 fxe4 19. Bxe4 Rxc8
20. Bf5 Rd8 21. Rfe1 Nc4 22. b3 Nb6 23. Bxd7 Nxd7 24. Rxd7 Rxd7 25. Re8+ 1-0

[Event "Benidorm 2005 - sub2300"]
[Site "Benidorm ESP"]
[Date "2005.11.17"]
[Round "7.1"]
[White "Peña, Alfredo"]
[Black "Madina, Martin"]
[Result "0-1"]
[WhiteElo "2291"]
[BlackElo "2262"]
[PlyCount "120"]
[EventDate "2005.11.11"]
[EventType "swiss"]
[EventRounds "9"]
[EventCountry "ESP"]
[Source "lmi"]
[SourceDate "2005.11.11"]

1. e4 e6 2. d4 d5 3. Nc3 Bb4 4. e5 c5 5. a3 Bxc3+ 6. bxc3 Qa5 7. Qd2 b6 8. Nf3
Ba6 9. Bxa6 Qxa6 10. a4 Ne7 11. Qe2 Qxe2+ 12. Kxe2 Nec6 13. Ba3 Nd7 14. Kd3 Rc8
15. Nd2 Na5 16. f4 O-O 17. Rhb1 f6 18. exf6 Rxf6 19. Rf1 cxd4 20. cxd4 Nc4 21.
Nxc4 Rxc4 22. Be7 Rf7 23. Bh4 Nf8 24. c3 Ng6 25. Bg3 h5 26. h3 Ne7 27. a5 Nf5
28. axb6 axb6 29. Be1 Rfc7 30. Rf2 Nd6 31. Rb2 R4c6 32. Ra6 Nc4 33. Rb5 Rf7 34.
Bg3 h4 35. Bh2 g5 36. Ra8+ Kh7 37. Rb1 gxf4 38. Ra2 Nd6 39. Rf1 Ne4 40. Rc2 Ng3
41. Bxg3 hxg3 42. Rcc1 Kg6 43. Kd2 b5 44. Rf3 Ra6 45. Rff1 Ra2+ 46. Rc2 Rxc2+
47. Kxc2 Kf5 48. Kd3 Ra7 49. Re1 Ra2 50. Re5+ Kf6 51. Re2 Ra1 52. Rb2 Rg1 53.
Re2 Rb1 54. Rc2 Re1 55. Re2 Rg1 56. Rb2 Kg5 57. Re2 Kh4 58. Kd2 Rxg2 59. Rxg2
f3 60. Rg1 f2 0-1

[Event "Benidorm 2005 - sub2300"]
[Site "Benidorm ESP"]
[Date "2005.11.17"]
[Round "7.2"]
[White "Pallardo Lozoya, Jose Vicente"]
[Black "Cappon, John"]
[Result "1/2-1/2"]
[WhiteElo "2298"]
[BlackElo "2197"]
[PlyCount "92"]
[EventDate "2005.11.11"]
[EventType "swiss"]
[EventRounds "9"]
[EventCountry "ESP"]
[Source "lmi"]
[SourceDate "2005.11.11"]

1. e4 c5 2. Nc3 Nc6 3. g3 g6 4. Bg2 Bg7 5. d3 Rb8 6. Be3 b5 7. Qd2 b4 8. Nd1 d6
9. f4 e6 10. Nf3 Nge7 11. O-O Nd4 12. Nh4 f5 13. c3 bxc3 14. bxc3 Ndc6 15. Nf3
O-O 16. Nf2 Qa5 17. Rac1 Rd8 18. d4 cxd4 19. Nxd4 Nxd4 20. Bxd4 e5 21. Be3 Be6
22. Rfd1 fxe4 23. Nxe4 Nf5 24. Bf2 exf4 25. gxf4 Rbc8 26. Ng5 Bc4 27. Re1 Re8
28. Bb7 Rxe1+ 29. Qxe1 Rb8 30. Qe4 Qxa2 31. Rb1 Kh8 32. Rb4 Bg8 33. c4 h6 34.
Nf3 a5 35. Rb6 Qxc4 36. Qe1 Qxf4 37. Qxa5 Qg4+ 38. Kf1 Re8 39. Bd5 Ne3+ 40.
Bxe3 Rxe3 41. Qa8 Rxf3+ 42. Bxf3 Qc4+ 43. Be2 Qc1+ 44. Kg2 Qg5+ 45. Kf1 Qc1+
46. Kg2 Bd4 1/2-1/2

[Event "Benidorm 2005 - sub2300"]
[Site "Benidorm ESP"]
[Date "2005.11.17"]
[Round "7.3"]
[White "Pribeanu, Dacian"]
[Black "Fenollar Jorda, Manuel"]
[Result "1-0"]
[WhiteElo "2268"]
[BlackElo "2258"]
[PlyCount "43"]
[EventDate "2005.11.11"]
[EventType "swiss"]
[EventRounds "9"]
[EventCountry "ESP"]
[Source "lmi"]
[SourceDate "2005.11.11"]

1. e4 e5 2. Nf3 Nc6 3. Bb5 a6 4. Ba4 Nf6 5. O-O b5 6. Bb3 Bc5 7. c3 d6 8. a4
Rb8 9. d4 Bb6 10. axb5 axb5 11. Na3 O-O 12. Nxb5 exd4 13. cxd4 Bg4 14. Ba4 Re8
15. h3 Bd7 16. Nc3 Nxe4 17. Nxe4 Rxe4 18. Ng5 Re7 19. Bxc6 Bxc6 20. Qc2 g6 21.
Qxc6 Bxd4 22. Ne4 1-0

[Event "Benidorm 2005 - sub2300"]
[Site "Benidorm ESP"]
[Date "2005.11.17"]
[Round "7.4"]
[White "Uribe Arteaga, Daniel"]
[Black "Sanchez Aller, Fernando"]
[Result "1-0"]
[WhiteElo "2145"]
[BlackElo "2274"]
[PlyCount "75"]
[EventDate "2005.11.11"]
[EventType "swiss"]
[EventRounds "9"]
[EventCountry "ESP"]
[Source "lmi"]
[SourceDate "2005.11.11"]

1. d4 Nf6 2. c4 e6 3. Nc3 Bb4 4. Qc2 c5 5. dxc5 Bxc3+ 6. Qxc3 Ne4 7. Qd4 Qa5+
8. Bd2 Nxd2 9. Qxd2 Qxd2+ 10. Kxd2 a5 11. e4 Na6 12. Ne2 Nxc5 13. Nc3 Ra6 14.
Kc2 d6 15. Rd1 Ke7 16. Be2 Bd7 17. Rd2 Rc8 18. b3 Rb6 19. Rb1 Bc6 20. f3 e5 21.
a3 Ra8 22. b4 Na4 23. b5 Nxc3 24. Kxc3 Bd7 25. Kb3 d5 26. Rxd5 Re6 27. Rbd1 Be8
28. c5 b6 29. c6 Ra7 30. Bc4 Rc7 31. Rd8 Rg6 32. Rb8 Bxc6 33. bxc6 Rgxc6 34.
Bd3 Rd6 35. Bc2 Rdc6 36. Bb1 Rc3+ 37. Kb2 Re3 38. Rd2 1-0

[Event "Benidorm 2005 - sub2300"]
[Site "Benidorm ESP"]
[Date "2005.11.17"]
[Round "7.5"]
[White "Sabater Sanchez, Asensio"]
[Black "Lacrosse, Marc"]
[Result "0-1"]
[WhiteElo "2125"]
[BlackElo "2233"]
[PlyCount "140"]
[EventDate "2005.11.11"]
[EventType "swiss"]
[EventRounds "9"]
[EventCountry "ESP"]
[Source "lmi"]
[SourceDate "2005.11.11"]

1. d4 d5 2. c4 e6 3. Nc3 Nf6 4. cxd5 exd5 5. Bg5 c6 6. Qc2 Nbd7 7. e3 Bd6 8.
Bd3 Nf8 9. Bh4 Ng6 10. Bg3 O-O 11. Nge2 Re8 12. O-O Be6 13. Rab1 a5 14. a3 Rc8
15. Na4 Bxg3 16. Nxg3 Rc7 17. b4 axb4 18. Rxb4 Nd7 19. Nc5 Nxc5 20. Qxc5 Nf8
21. Rfb1 Qc8 22. a4 Nd7 23. Qc2 g6 24. a5 c5 25. dxc5 Nxc5 26. Qd2 Qa8 27. R4b2
Rec8 28. h3 h5 29. h4 Nxd3 30. Qxd3 Qxa5 31. Rxb7 Rxb7 32. Rxb7 Qa4 33. Qd4
Qxd4 34. exd4 Rc1+ 35. Kh2 Rc4 36. Ne2 Rc2 37. Nf4 Rxf2 38. Kg3 Rd2 39. Rb4 Kg7
40. Kf3 Kf6 41. Ke3 Ra2 42. Rb5 Ra3+ 43. Kf2 Kf5 44. Nxd5 Ke4 45. Nc7 Bc4 46.
Rb4 Ra2+ 47. Kg1 Kxd4 48. Rb8 Ke5 49. Rd8 Ra7 50. Ne8 Bd5 51. g3 Ra2 52. Nf6
Bf3 53. Rd3 Bc6 54. Nh7 Be4 55. Rb3 Bd5 56. Rd3 Rg2+ 57. Kf1 Ra2 58. Kg1 Ke4
59. Rd1 Ke5 60. Ng5 Rg2+ 61. Kf1 Rxg3 62. Re1+ Kf5 63. Kf2 Rg4 64. Rd1 Be6 65.
Nf3 Kf6 66. Rd3 Bf5 67. Rd6+ Ke7 68. Rd5 Be4 69. Re5+ Kf6 70. Ra5 Bxf3 0-1

[Event "Benidorm 2005 - sub2300"]
[Site "Benidorm ESP"]
[Date "2005.11.17"]
[Round "7.6"]
[White "Arjun, Vishnuvardhan"]
[Black "Leburgue, Sylvain"]
[Result "1-0"]
[WhiteElo "2190"]
[BlackElo "2183"]
[PlyCount "65"]
[EventDate "2005.11.11"]
[EventType "swiss"]
[EventRounds "9"]
[EventCountry "ESP"]
[Source "lmi"]
[SourceDate "2005.11.11"]

1. e4 c5 2. Nc3 Nc6 3. g3 g6 4. Bg2 Bg7 5. d3 d6 6. Be3 Rb8 7. Qd2 b5 8. Nge2
b4 9. Nd1 e6 10. O-O Nge7 11. a3 Qa5 12. Bh6 O-O 13. Bxg7 Kxg7 14. Ne3 e5 15.
f4 Nd4 16. Nxd4 cxd4 17. Nc4 Qc5 18. axb4 Rxb4 19. Ra5 Rb5 20. b4 Qxb4 21. Qxb4
Rxb4 22. Rxa7 Nc6 23. Rc7 Nb8 24. fxe5 dxe5 25. Nxe5 Be6 26. Ra1 Rb6 27. Raa7
Na6 28. Rc6 Rxc6 29. Nxc6 Nc5 30. Nxd4 Rb8 31. Rc7 Na6 32. Nxe6+ Kf6 33. Ra7
1-0

[Event "Benidorm 2005 - sub2300"]
[Site "Benidorm ESP"]
[Date "2005.11.17"]
[Round "7.7"]
[White "Valmaña Canto, Jaime"]
[Black "Ridameya Tatche, Jose"]
[Result "0-1"]
[WhiteElo "2257"]
[BlackElo "2155"]
[PlyCount "68"]
[EventDate "2005.11.11"]
[EventType "swiss"]
[EventRounds "9"]
[EventCountry "ESP"]
[Source "lmi"]
[SourceDate "2005.11.11"]

1. e4 e5 2. Bc4 Nf6 3. d3 Bc5 4. Nf3 Nc6 5. Nbd2 d6 6. c3 a6 7. Bb3 h6 8. h3
Qe7 9. O-O g5 10. Nc4 g4 11. hxg4 Bxg4 12. Ne3 Bxe3 13. fxe3 O-O-O 14. Qe1 Rdg8
15. Nh4 Nd8 16. Bd2 Kb8 17. c4 Nh5 18. Qf2 Be6 19. Nf5 Bxf5 20. exf5 Ng3 21. f6
Qd7 22. Rfe1 Rg6 23. Qf3 Rhg8 24. e4 Ne6 25. Be3 Qd8 26. Rf1 Nf4 27. Bxf4 exf4
28. Rf2 Qxf6 29. Rd1 Qh4 30. Rfd2 Qh1+ 31. Kf2 Nxe4+ 32. Qxe4 Rxg2+ 33. Kf3
Qh3+ 34. Kxf4 Qg3+ 0-1

[Event "Benidorm 2005 - sub2300"]
[Site "Benidorm ESP"]
[Date "2005.11.17"]
[Round "7.9"]
[White "Serrano Marhuenda, Salvador"]
[Black "Moran Rodriguez, Luciano"]
[Result "1-0"]
[WhiteElo "2186"]
[BlackElo "2136"]
[PlyCount "75"]
[EventDate "2005.11.11"]
[EventType "swiss"]
[EventRounds "9"]
[EventCountry "ESP"]
[Source "lmi"]
[SourceDate "2005.11.11"]

1. e4 c6 2. d4 d5 3. Nc3 g6 4. h3 Bg7 5. Nf3 dxe4 6. Nxe4 Nd7 7. Bc4 Ngf6 8.
Ng3 O-O 9. O-O b5 10. Bb3 c5 11. c3 Bb7 12. Re1 e6 13. Bf4 Qb6 14. dxc5 Nxc5
15. Qd6 Bxf3 16. gxf3 Na4 17. Rab1 Qb7 18. Ne4 Nb6 19. Bg5 Nh5 20. Kg2 Nc4 21.
Bxc4 bxc4 22. Nc5 Qb5 23. a4 Qa5 24. Be7 Rfe8 25. Re4 Rac8 26. Rxc4 Qb6 27. b4
Rc6 28. Qd7 Rec8 29. Rd1 Be5 30. Bd8 R6c7 31. Bxc7 Rxc7 32. Qe8+ Kg7 33. Nd7
Rxd7 34. Rxd7 Kh6 35. Qxf7 Qa6 36. Qxh7+ Kg5 37. Rg4+ Kf5 38. Qxg6# 1-0

[Event "Benidorm 2005 - sub2300"]
[Site "Benidorm ESP"]
[Date "2005.11.17"]
[Round "7.10"]
[White "Herrera Mellado, Luis"]
[Black "Ballesteros, David"]
[Result "1/2-1/2"]
[WhiteElo "2113"]
[BlackElo "2163"]
[PlyCount "139"]
[EventDate "2005.11.11"]
[EventType "swiss"]
[EventRounds "9"]
[EventCountry "ESP"]
[Source "lmi"]
[SourceDate "2005.11.11"]

1. e4 d6 2. d4 g6 3. Bd3 Bg7 4. c3 e5 5. Be3 Nf6 6. Nf3 Nc6 7. h3 O-O 8. Nbd2
Nh5 9. g4 Nf6 10. Qb3 a5 11. dxe5 Nxe5 12. Nxe5 dxe5 13. Bc4 a4 14. Qc2 Qe7 15.
O-O Ne8 16. Kg2 Nd6 17. b3 Nxc4 18. Nxc4 f5 19. f3 h5 20. Qe2 axb3 21. axb3
Rxa1 22. Rxa1 hxg4 23. hxg4 fxg4 24. fxg4 Qh4 25. Rh1 Qxg4+ 26. Qxg4 Bxg4 27.
Nd2 Ra8 28. Kg3 Be6 29. Kh4 Ra3 30. Kg5 Bxb3 31. Bc5 Ra4 32. Nxb3 Rxe4 33. Rd1
Rf4 34. Kxg6 Rf6+ 35. Kg5 b6 36. Rd8+ Kh7 37. Be3 Rf3 38. Bd2 e4 39. Rd7 c5 40.
Bf4 Kg8 41. Nd2 Rd3 42. Rxd3 exd3 43. c4 Kf7 44. Kf5 Ke7 45. Ke4 Kd7 46. Kd5
Bc3 47. Ne4 Be1 48. Bd2 Bh4 49. Nd6 Bg3 50. Nb5 Bh2 51. Ke4 Kc6 52. Kxd3 Bg3
53. Ke4 Bh4 54. Bf4 Be7 55. Kf5 Bh4 56. Ke6 Bd8 57. Bd6 Bh4 58. Be7 Bg3 59. Bd8
Bf4 60. Be7 Bg3 61. Bd6 Bh4 62. Bc7 Bg5 63. Kf7 Bh4 64. Ke8 Bg5 65. Bd8 Bf4 66.
Be7 Bh2 67. Kd8 Kb7 68. Kd7 Bf4 69. Nd6+ Bxd6 70. Bxd6 1/2-1/2

[Event "Benidorm 2005 - sub2300"]
[Site "Benidorm ESP"]
[Date "2005.11.18"]
[Round "8.1"]
[White "Madina, Martin"]
[Black "Arjun, Vishnuvardhan"]
[Result "1-0"]
[WhiteElo "2262"]
[BlackElo "2190"]
[PlyCount "81"]
[EventDate "2005.11.11"]
[EventType "swiss"]
[EventRounds "9"]
[EventCountry "ESP"]
[Source "lmi"]
[SourceDate "2005.11.11"]

1. d4 Nf6 2. Nf3 e6 3. Bf4 b6 4. Nbd2 Bb7 5. e3 Be7 6. h3 d5 7. Ne5 Nfd7 8. Bd3
Nxe5 9. Bxe5 Bf6 10. Bh2 Nd7 11. Nf3 c5 12. c3 Qe7 13. Ne5 Bxe5 14. dxe5 a5 15.
Qg4 O-O 16. Qh5 f5 17. exf6 Nxf6 18. Qh4 Rf7 19. Be5 Ne4 20. Qxe7 Rxe7 21. Bxe4
dxe4 22. Rd1 Bd5 23. b3 c4 24. Rb1 b5 25. O-O Ree8 26. Rfd1 cxb3 27. axb3 Rec8
28. f3 Ra7 29. Rd4 a4 30. bxa4 bxa4 31. fxe4 Ba8 32. Rdb4 a3 33. Kf2 a2 34. Ra1
Bc6 35. Ke2 Rca8 36. Kd3 Ra5 37. Bc7 R5a7 38. Bb6 Ra4 39. Bd4 R4a6 40. Rb6 Kf7
41. Rb2 1-0

[Event "Benidorm 2005 - sub2300"]
[Site "Benidorm ESP"]
[Date "2005.11.18"]
[Round "8.2"]
[White "Lacrosse, Marc"]
[Black "Pribeanu, Dacian"]
[Result "1-0"]
[WhiteElo "2233"]
[BlackElo "2268"]
[PlyCount "91"]
[EventDate "2005.11.11"]
[EventType "swiss"]
[EventRounds "9"]
[EventCountry "ESP"]
[Source "lmi"]
[SourceDate "2005.11.11"]

1. d4 Nf6 2. c4 g6 3. Nc3 Bg7 4. e4 d6 5. Nf3 O-O 6. Be2 e5 7. Be3 Nc6 8. d5
Ne7 9. Nd2 Nd7 10. b4 f5 11. f3 Nf6 12. c5 Nh5 13. g3 Nf4 14. Bf1 Nh5 15. Nc4
Nf6 16. Be2 fxe4 17. fxe4 Bh3 18. Qc2 Qd7 19. a4 Nxe4 20. Nxe4 Nxd5 21. Bd2 Qf5
22. Rg1 Nf6 23. Nxf6+ Qxf6 24. O-O-O d5 25. Nb2 Kh8 26. g4 e4 27. Be3 c6 28.
Rg3 Qh4 29. Qd2 h6 30. Bd4 a5 31. Bxg7+ Kxg7 32. Qc3+ Kh7 33. Rxh3 Qg5+ 34. Qd2
Qxd2+ 35. Kxd2 axb4 36. Ke3 Ra5 37. Kd4 Rf2 38. Rd2 Ra8 39. Rb3 Re8 40. Nd1
Rxh2 41. Ne3 Rf8 42. Rxb4 Rf7 43. Rdb2 Kg7 44. Rxb7 Rxb7 45. Rxb7+ Kf6 46. Bf1
1-0

[Event "Benidorm 2005 - sub2300"]
[Site "Benidorm ESP"]
[Date "2005.11.18"]
[Round "8.3"]
[White "Fenollar Jorda, Manuel"]
[Black "Uribe Arteaga, Daniel"]
[Result "1-0"]
[WhiteElo "2258"]
[BlackElo "2145"]
[PlyCount "53"]
[EventDate "2005.11.11"]
[EventType "swiss"]
[EventRounds "9"]
[EventCountry "ESP"]
[Source "lmi"]
[SourceDate "2005.11.11"]

1. d4 e6 2. Nf3 Nf6 3. e3 d5 4. Bd3 c5 5. c3 Be7 6. Nbd2 Nc6 7. O-O O-O 8. dxc5
Bxc5 9. e4 e5 10. Qe2 Re8 11. exd5 Nxd5 12. Ne4 Bb6 13. Rd1 Qe7 14. Neg5 Nf4
15. Bxh7+ Kh8 16. Qc2 Bg4 17. Bg8 f5 18. Bb3 Bxf3 19. Nxf3 e4 20. Bxf4 exf3 21.
Qxf5 Bxf2+ 22. Kxf2 Qe2+ 23. Kg3 Qxg2+ 24. Kh4 Qf2+ 25. Bg3 Re4+ 26. Qxe4 g5+
27. Kh5 1-0

[Event "Benidorm 2005 - sub2300"]
[Site "Benidorm ESP"]
[Date "2005.11.18"]
[Round "8.4"]
[White "Ridameya Tatche, Jose"]
[Black "Pallardo Lozoya, Jose Vicente"]
[Result "0-1"]
[WhiteElo "2155"]
[BlackElo "2298"]
[PlyCount "68"]
[EventDate "2005.11.11"]
[EventType "swiss"]
[EventRounds "9"]
[EventCountry "ESP"]
[Source "lmi"]
[SourceDate "2005.11.11"]

1. e4 e6 2. Nf3 c5 3. b4 cxb4 4. d4 b6 5. Bd3 Ba6 6. O-O d5 7. Bxa6 Nxa6 8. c3
dxe4 9. Ne5 Nc7 10. f3 f6 11. Nc4 exf3 12. Rxf3 Ne7 13. a3 bxc3 14. Nxc3 Ned5
15. Nxd5 Nxd5 16. Qe2 Qd7 17. Rg3 b5 18. Ne3 Bd6 19. Rxg7 Qxg7 20. Nxd5 Kf7 21.
Bf4 Rad8 22. Re1 Rhe8 23. Bxd6 exd5 24. Qh5+ Qg6 25. Qxd5+ Kg7 26. Rf1 Qe4 27.
Qc5 Rd7 28. Qb4 a5 29. Qc5 Red8 30. Rf4 Qe1+ 31. Rf1 Qe3+ 32. Kh1 Rxd6 33. Qxb5
Rxd4 34. Qh5 R8d5 0-1